[Event "British Chess Championships 2023: Weekend Tournament Penrose"]
[Site "De Montfort University, 20 Western Boulevard, Leicester, LE2 7BU"]
[Date "2023.07.22"]
[Round "3"]
[Board "4"]
[White "Wenninger, Maxim"]
[Black "Subin, Samvrit"]
[Result "0-1"]
[WhiteElo "1844"]
[BlackElo "1742"]
[PlyCount "0"]
[EventDate "2023.07.21"]
[EventRounds "5"]
[EventCountry "ENG"]

1. e4 c5 2. Nf3 d6 3. d4 cxd4 4. Nxd4 Nf6 5. Nc3 g6 6. Bc4 Bg7 7. Bb3 O-O 8. h3 Nbd7
9. Be3 Nc5 10. Qf3 a6 11. g4 b5 12. g5 Nfd7 13. Nc6 Qe8 14. Nd5 Ne5 15. Nxe5 Bxe5
16. Nc7 Qc6 17. Nxa8 Nxb3 18. cxb3 Qxa8 19. Qg2 Bb7 20. f3 d5 21. exd5 Bxd5 22. O-O
f6 23. Qe2 fxg5 24. Bxg5 Bd4+ 25. Kg2 e5 26. Qd3 Rf5 27. Bh6 Rh5 28. Bd2 Qc8 29.
Rh1 Qf5 30. Qxf5 Rxf5 31. Rhf1 e4 32. fxe4 Bxe4+ 33. Kg3 Be5+ 34. Bf4 Rxf4 35. Rxf4
g5 36. Re1 Bxf4+ 37. Kg4 Bg6 38. Re6 a5 39. h4 Kf7 40. Ra6 h5+ 41. Kf3 Bd2 42. hxg5
h4 43. Kg4 Be1 44. Rf6+ Kg7 45. Re6 Bg3 46. Ra6 Bf7 47. Rxa5 Be6+ 48. Kf3 Bd6 49.
Rxb5 h3 50. a4 h2 51. Kg2 Bh3+ 52. Kh1 Bg4 53. Kg2 Bf3+ 54. Kxf3 h1=Q+ 55. Ke3 Qh3+
56. Ke4 Qg2+ 57. Kf5 Qxb2 58. Rb7+ Kf8 59. Rb5 Qd4 60. Ke6 Bc7 61. g6 Qe4+ 62. Kf6
Bd8#  0-1

[Event "British Chess Championships 2023: Weekend Tournament Penrose"]
[Site "De Montfort University, 20 Western Boulevard, Leicester, LE2 7BU"]
[Date "2023.07.22"]
[Round "3"]
[Board "5"]
[White "Coleman, Frederick"]
[Black "Smith, Ryan M"]
[Result "0-1"]
[WhiteElo "1850"]
[BlackElo "1962"]
[PlyCount "0"]
[EventDate "2023.07.21"]
[EventRounds "5"]
[EventCountry "ENG"]

1. d4 Nf6 2. Bf4 d5 3. e3 c5 4. c3 Nc6 5. Bd3 Qb6 6. Qb3 c4 7. Qxb6 axb6 8. Bc2 b5
9. Na3 b4 10. Nb5 Ra5 11. Nc7+ Kd7 12. a4 b3 13. Bf5+ e6 14. Bh3 Nh5 15. Nb5 Nxf4
16. exf4 Na7 17. Nxa7 Rxa7 18. Nf3 Bd6 19. Ne5+ Ke7 20. g3 f6 21. Ng4 Bd7 22. Kd2
h5 23. Ne3 f5 24. Bxf5 exf5 25. Nxd5+ Kd8 26. Nb6 Be6 27. d5 Bc5 28. a5 Bf7 29. Rhd1
Bxb6 30. axb6 Rxa1 31. Rxa1 Kd7 32. Ra5 Kd6 33. Ke3 Re8+ 34. Kd4 Re4#  0-1

[Event "British Chess Championships 2023: Weekend Tournament Penrose"]
[Site "De Montfort University, 20 Western Boulevard, Leicester, LE2 7BU"]
[Date "2023.07.22"]
[Round "3"]
[Board "6"]
[White "Mohan, Shaan"]
[Black "Bradley, William"]
[Result "1/2-1/2"]
[WhiteElo "1953"]
[BlackElo "1839"]
[PlyCount "0"]
[EventDate "2023.07.21"]
[EventRounds "5"]
[EventCountry "ENG"]

1. d4 g6 2. h4 Nf6 3. h5 Nxh5 4. Rxh5 gxh5 5. e4 d5 6. Qxh5 Qd6 7. exd5 Qg6 8. Qe2
Bh6 9. Bxh6 Qxh6 10. Nd2 Nd7 11. O-O-O Nf6 12. Re1 O-O 13. Qe5 Qh5 14. Qxh5 Nxh5
15. Rxe7 Bf5 16. Rxc7 Rfc8 17. Rc5 b6 18. Rc6 Kg7 19. Ba6 Re8 20. Ngf3 Nf4 21. g3
Nxd5 22. a3 Re6 23. Rxe6 fxe6 24. Ne5 h5 25. Ndf3 Nf6 26. Nh4 Bh7 27. f3 Rd8 28.
c3 Nd5 29. Kd2 Kf6 30. Ng2 Rg8 31. g4 hxg4 32. fxg4 Be4 33. Ne3 Nc7  1/2-1/2

[Event "British Chess Championships 2023: Weekend Tournament Penrose"]
[Site "De Montfort University, 20 Western Boulevard, Leicester, LE2 7BU"]
[Date "2023.07.22"]
[Round "3"]
[Board "7"]
[White "Ashton, Alannah"]
[Black "Royle, Alex"]
[Result "0-1"]
[WhiteElo "1824"]
[BlackElo "1942"]
[PlyCount "0"]
[EventDate "2023.07.21"]
[EventRounds "5"]
[EventCountry "ENG"]

1. e4 e5 2. Nf3 Nc6 3. Bb5 a6 4. Ba4 Nf6 5. O-O Be7 6. Re1 b5 7. Bb3 d6 8. c3 O-O
9. h3 Na5 10. Bc2 c5 11. d4 Nd7 12. d5 Nb6 13. Nbd2 c4 14. Nf1 Nb7 15. Ng3 Nc5 16.
Be3 Qc7 17. Nf5 Bxf5 18. exf5 Rac8 19. Qd2 Nca4 20. Be4 Nc5 21. Bc2 Ncd7 22. g4 Nf6
23. Bxb6 Qxb6 24. Rad1 Rc5 25. Be4 Rb8 26. Nh2 Nxe4 27. Rxe4 a5 28. Kh1 b4 29. f4
bxc3 30. bxc3 f6 31. g5 Qb2 32. gxf6 Bxf6 33. Ng4 Qxd2 34. Rxd2 h5 35. Nxf6+ gxf6
36. fxe5 dxe5 37. Re1 Kf7 38. Kg2 Ke7 39. Kf3 Kd6 40. Ke4 Rbb5 41. Red1 a4 42. Rg2
Rc7 43. Rg6 Rf7 44. Rd2 a3 45. Rg8 Rfb7 46. Ra8 Rb2 47. Ra6+ Ke7 48. d6+ Kd7 49.
Rd5 Rxa2 50. Rda5 Rf2 51. Rxa3 Rf4+ 52. Ke3 Rxf5 53. R3a4 Rf4 54. Ra7 Rxa7 55. Rxa7+
Kxd6 56. Ra6+ Ke7 57. Rc6 Rh4 58. Kd2 Kf7 59. Ke2 Rf4 60. Ke3 Kg6 61. Rc7 Rh4 62.
Kf2 Rxh3 63. Rxc4 Kg5 64. Rc8 Kf4 65. c4 Rh2+ 66. Kg1 Rc2 67. c5 f5 68. c6 e4 69.
c7 e3 70. Kf1  0-1

[Event "British Chess Championships 2023: Weekend Tournament Penrose"]
[Site "De Montfort University, 20 Western Boulevard, Leicester, LE2 7BU"]
[Date "2023.07.22"]
[Round "3"]
[Board "8"]
[White "Tomlinson, Zak"]
[Black "Taylor, Robert K"]
[Result "1/2-1/2"]
[WhiteElo "1787"]
[BlackElo "1935"]
[PlyCount "0"]
[EventDate "2023.07.21"]
[EventRounds "5"]
[EventCountry "ENG"]

1. e4 e5 2. Nf3 Nc6 3. Bb5 a6 4. Ba4 Nf6 5. O-O Nxe4 6. Bxc6 dxc6 7. Re1 Nf6 8. Nxe5
Be7 9. b3 O-O 10. Bb2 Be6 11. d3 Nd7 12. Nd2 Nxe5 13. Bxe5 Qd7 14. h3 f6 15. Bb2
Rae8 16. Nf3 Bd6 17. Nd4 Bf7 18. Qf3 Be5 19. c3 Bxd4 20. cxd4 Bd5 21. Qg3 Rf7 22.
Re3 Rfe7 23. Rae1 Re6 24. Rxe6 Rxe6 25. Rxe6  1/2-1/2

[Event "British Chess Championships 2023: Weekend Tournament Penrose"]
[Site "De Montfort University, 20 Western Boulevard, Leicester, LE2 7BU"]
[Date "2023.07.22"]
[Round "3"]
[Board "9"]
[White "Gnanagurusamy, Ganeshbabu"]
[Black "Veselow, Zoe"]
[Result "1-0"]
[WhiteElo "1896"]
[BlackElo "1720"]
[PlyCount "0"]
[EventDate "2023.07.21"]
[EventRounds "5"]
[EventCountry "ENG"]

1. e4 c5 2. Nf3 e6 3. g3 Qc7 4. Bg2 d6 5. O-O Nf6 6. Qe2 Nbd7 7. c4 b6 8. Nc3 a6
9. d3 Bb7 10. b3 Be7 11. Bb2 O-O 12. Ng5 h6 13. Nh3 Rfe8 14. Rad1 Nf8 15. f4 Ng6
16. Nf2 Rad8 17. Ng4 Nxg4 18. Qxg4 Bf6 19. h4 Bd4+ 20. Kh1 Bc6 21. Rd2 b5 22. Ne2
Bxb2 23. Rxb2 d5 24. h5 Ne7 25. f5 exf5 26. exf5 f6 27. Nf4 Qe5 28. cxd5 Nxf5 29.
Re2 Ne3 30. Rxe3 Qxe3 31. dxc6 Qe5 32. Be4 Qg5 33. Qxg5 hxg5 34. Ng6 Rc8 35. Rc1
c4 36. bxc4 Rc7 37. cxb5 axb5 38. Rb1 Rb8 39. Rb4 Ra7 40. a4 Rxa4 41. Rxa4 bxa4 42.
c7 Re8 43. c8=Q Rxc8 44. Ne7+ Kf8 45. Nxc8 a3 46. Bd5  1-0

[Event "British Chess Championships 2023: Weekend Tournament Penrose"]
[Site "De Montfort University, 20 Western Boulevard, Leicester, LE2 7BU"]
[Date "2023.07.22"]
[Round "3"]
[Board "10"]
[White "Coward, Neil"]
[Black "Gartside, Carl"]
[Result "0-1"]
[WhiteElo "1800"]
[BlackElo "1895"]
[PlyCount "0"]
[EventDate "2023.07.21"]
[EventRounds "5"]
[EventCountry "ENG"]

1. e4 e5 2. Nf3 Nc6 3. Bc4 Nf6 4. c3 Nxe4 5. Bd5 Nf6 6. Bxc6 dxc6 7. Nxe5 Bd6 8.
Nf3 O-O 9. O-O Bg4 10. h3 Bh5 11. d4 Qd7 12. Nbd2 c5 13. Nb3 cxd4 14. Nbxd4 c5 15.
Nf5 Qxf5 16. Qxd6 Bxf3 17. gxf3 Qxf3 18. Qg3 Qxg3+ 19. fxg3 Rfe8 20. Bg5 Ne4 21.
Bf4 Rad8 22. Rad1 g6 23. Bc7 Rxd1 24. Rxd1 Nf6 25. Rd8 Rxd8 26. Bxd8 Ne4 27. Kg2
f5 28. Kf3 Kf7 29. g4 Ke6 30. gxf5+ Kxf5 31. Bc7 Ng5+ 32. Kg3 c4 33. Bb8 a6 34. Bc7
Ke4 35. Kg4 Ne6 36. Bb6 Kd3 37. h4 Kc2 38. a4 Kxb2 39. Ba5 Kb3 40. Kf3 Kxa4 41. Bb6
Kb5 42. Be3 Nc5 43. Kg4 Ne6 44. Kf3 a5 45. Ke4 Nc5+ 46. Ke5 Nd3  0-1

[Event "British Chess Championships 2023: Weekend Tournament Penrose"]
[Site "De Montfort University, 20 Western Boulevard, Leicester, LE2 7BU"]
[Date "2023.07.22"]
[Round "3"]
[Board "11"]
[White "Bartram, Philip J"]
[Black "Dooley, Max"]
[Result "0-1"]
[WhiteElo "1942"]
[BlackElo "1863"]
[PlyCount "0"]
[EventDate "2023.07.21"]
[EventRounds "5"]
[EventCountry "ENG"]

1. d4 Nf6 2. e3 g6 3. Bd3 Bg7 4. Nd2 d6 5. b3 O-O 6. Bb2 Nbd7 7. Ngf3 c5 8. O-O b6
9. c4 d5 10. Re1 Bb7 11. Rb1 Re8 12. Ne5 cxd4 13. exd4 Rc8 14. Ndf3 h6 15. h3 Nh7
16. Qe2 Nxe5 17. Nxe5 dxc4 18. Bxc4 Bd5 19. Bb5 Rf8 20. Rbc1 Nf6 21. Nc6 Bxc6 22.
Bxc6 Qd6 23. Qxe7 Rxc6 24. Qxa7 Rxc1 25. Rxc1 Re8 26. Qa4 Rd8 27. Rc6 Qb8 28. Qb5
Nd5 29. a4 Qf4 30. Rxb6 Nxb6 31. Qxb6 Rb8 32. Qc6 Rxb3 33. Bc1 Rb1  0-1

[Event "British Chess Championships 2023: Weekend Tournament Penrose"]
[Site "De Montfort University, 20 Western Boulevard, Leicester, LE2 7BU"]
[Date "2023.07.22"]
[Round "3"]
[Board "12"]
[White "Bartram, William"]
[Black "Di-Vetta, Andrew"]
[Result "1-0"]
[WhiteElo "1932"]
[BlackElo "1776"]
[PlyCount "0"]
[EventDate "2023.07.21"]
[EventRounds "5"]
[EventCountry "ENG"]

1. e4 c5 2. Nf3 d6 3. d4 cxd4 4. Nxd4 Nf6 5. Nc3 a6 6. Be2 e5 7. Nb3 Be7 8. O-O O-O
9. f4 Nc6 10. Be3 b5 11. Bf3 Bb7 12. Qe2 Qc7 13. Rad1 Rac8 14. f5 Na5 15. Nxa5 Qxa5
16. a3 Rc4 17. Bc1 Rfc8 18. g4 Qb6+ 19. Kh1 Nd7 20. g5 f6 21. Qg2 Bf8 22. Rg1 b4
23. axb4 Qxb4 24. g6 Nc5 25. gxh7+ Kh8 26. Bh6 Rc7 27. Rxd6 Nxe4 28. Rd8 Nf2+ 29.
Qxf2 Bxf3+ 30. Qxf3 Rf7 31. Nd5 Qc5 32. b4 Rxb4 33. Nxb4 Qxb4 34. Bd2 Qe7 35. Rb8
e4 36. Qg3 e3 37. Bb4 Qe4+ 38. Qg2 Qxf5 39. Rxf8+ Rxf8  1-0

[Event "British Chess Championships 2023: Weekend Tournament Penrose"]
[Site "De Montfort University, 20 Western Boulevard, Leicester, LE2 7BU"]
[Date "2023.07.22"]
[Round "3"]
[Board "13"]
[White "Matthew, Ian G"]
[Black "George, Richard M"]
[Result "0-1"]
[WhiteElo "1745"]
[BlackElo "1927"]
[PlyCount "0"]
[EventDate "2023.07.21"]
[EventRounds "5"]
[EventCountry "ENG"]

1. e4 c6 2. Nc3 d5 3. Qf3 dxe4 4. Nxe4 Nf6 5. Bc4 e6 6. d3 Nxe4 7. dxe4 Bc5 8. Ne2
O-O 9. O-O Nd7 10. Qg3 Kh8 11. e5 Qc7 12. Bf4 Nb6 13. Bd3 Nd5 14. Bd2 b5 15. c3 a5
16. Rae1 Ba6 17. Kh1 a4 18. Qh3 g6 19. Ng3 Be7 20. Bh6 Rfd8 21. Ne2 Qd7 22. Rd1 Qe8
23. f4 c5 24. g4 Bb7 25. Be4 Nxf4 26. Rxf4  0-1

[Event "British Chess Championships 2023: Weekend Tournament Penrose"]
[Site "De Montfort University, 20 Western Boulevard, Leicester, LE2 7BU"]
[Date "2023.07.22"]
[Round "3"]
[Board "14"]
[White "Kapoor, Gurveen"]
[Black "Knight, Christopher J"]
[Result "1-0"]
[WhiteElo "1918"]
[BlackElo "1718"]
[PlyCount "0"]
[EventDate "2023.07.21"]
[EventRounds "5"]
[EventCountry "ENG"]

1. Nf3 d5 2. c4 Nf6 3. e3 g6 4. b3 Bg7 5. Bb2 c6 6. Be2 O-O 7. d3 Re8 8. Nbd2 Bg4
9. Qc2 Nbd7 10. a3 Rc8 11. h3 Bxf3 12. Bxf3 e5 13. e4 d4 14. b4 a5 15. Ke2 Bf8 16.
Qb3 c5 17. b5 b6 18. a4 Bh6 19. Nf1 Nf8 20. g3 Ne6 21. h4 Kh8 22. Nh2 Rc7 23. Qc2
Bg7 24. Raf1 Rg8 25. Bc1 Qf8 26. Qd2 h5 27. Kd1 Kh7 28. Bg2 Ng4 29. Nxg4 hxg4 30.
Qe2 f5 31. h5 Bh6 32. hxg6+ Rxg6 33. exf5 Qxf5 34. Be4  1-0

[Event "British Chess Championships 2023: Weekend Tournament Penrose"]
[Site "De Montfort University, 20 Western Boulevard, Leicester, LE2 7BU"]
[Date "2023.07.22"]
[Round "3"]
[Board "15"]
[White "Chiang, Richard"]
[Black "Staniland, Philip"]
[Result "1-0"]
[WhiteElo "1715"]
[BlackElo "1908"]
[PlyCount "0"]
[EventDate "2023.07.21"]
[EventRounds "5"]
[EventCountry "ENG"]

1. c4 e5 2. Nc3 Bb4 3. Nd5 Ba5 4. g3 c6 5. Nc3 Nf6 6. Bg2 O-O 7. e3 d5 8. cxd5 cxd5
9. d4 exd4 10. exd4 Re8+ 11. Nge2 Nc6 12. O-O Bb6 13. Bg5 Be6 14. Rc1 h6 15. Bf4
a6 16. Na4 Bc7 17. Nc5 Bxf4 18. Nxf4 Qb6 19. Qd2 Rad8 20. Rfe1 Ne4 21. Nxe4 dxe4
22. Nxe6 fxe6 23. Rxe4 Nxd4 24. Qc3 Rf8 25. Rce1 Rxf2 26. Kxf2 Rf8+ 27. Rf4 Nc2+
28. Kf1 Nxe1 29. Rxf8+ Kxf8 30. Qxe1 Qxb2 31. Qf2+ Qxf2+ 32. Kxf2 Ke7 33. Bxb7 a5
34. Ke3 Kd6 35. Ke4 a4 36. a3 g6  1-0

[Event "British Chess Championships 2023: Weekend Tournament Penrose"]
[Site "De Montfort University, 20 Western Boulevard, Leicester, LE2 7BU"]
[Date "2023.07.22"]
[Round "3"]
[Board "16"]
[White "Hirst, Joe Aj"]
[Black "Thomas, Gary"]
[Result "1-0"]
[WhiteElo "1902"]
[BlackElo "1751"]
[PlyCount "0"]
[EventDate "2023.07.21"]
[EventRounds "5"]
[EventCountry "ENG"]

1. b3 Nf6 2. Bb2 d5 3. e3 Nc6 4. Bb5 e6 5. d4 Bd6 6. Nf3 O-O 7. O-O Ne7 8. Bd3 Ng6
9. c4 c6 10. Nc3 Re8 11. Bxg6 hxg6 12. Ne5 Nd7 13. f4 dxc4 14. bxc4 c5 15. Ne4 Nf8
16. dxc5 Bxe5 17. Bxe5 Qa5 18. Bc3 Qa3 19. Qd4 e5 20. fxe5 Ne6 21. Qd2 Nxc5 22. Nd6
Rf8 23. Bb4 Qd3 24. Rad1 Qxd2 25. Rxd2 b6 26. Bxc5 bxc5 27. Rd5 Be6 28. Rxc5 f6 29.
exf6 gxf6 30. Rc7 Rad8 31. c5 Bxa2 32. Rxa7 Bd5 33. e4 Bc6 34. Rc7 Ba8 35. Ra1 f5
36. Raa7 Rf6 37. e5 Re6 38. Rg7+  1-0

[Event "British Chess Championships 2023: Weekend Tournament Penrose"]
[Site "De Montfort University, 20 Western Boulevard, Leicester, LE2 7BU"]
[Date "2023.07.22"]
[Round "3"]
[Board "17"]
[White "Masani, Matthew M"]
[Black "Goatcher, Matthew W"]
[Result "1-0"]
[WhiteElo "1862"]
[BlackElo "1699"]
[PlyCount "0"]
[EventDate "2023.07.21"]
[EventRounds "5"]
[EventCountry "ENG"]

1. d4 Nf6 2. Bf4 c5 3. d5 d6 4. Nc3 a6 5. a4 e5 6. Bg5 Be7 7. Bxf6 Bxf6 8. e4 O-O
9. Be2 g6 10. h3 Bg7 11. g4 Qb6 12. Ra3 Nd7 13. Nf3 Qc7 14. Qd3 Nf6 15. Nd2 Bd7 16.
a5 Rac8 17. Nc4 Bb5 18. b3 Nd7 19. h4 Bxc4 20. bxc4 f5 21. g5 Rb8 22. h5 Qd8 23.
Qg3 f4 24. Qh3 Qe7 25. Bg4 Rfd8 26. hxg6 hxg6 27. Qh7+ Kf8 28. Be6 Ke8 29. Qxg6+
Kf8 30. Rh8+  1-0

[Event "British Chess Championships 2023: Weekend Tournament Penrose"]
[Site "De Montfort University, 20 Western Boulevard, Leicester, LE2 7BU"]
[Date "2023.07.22"]
[Round "3"]
[Board "18"]
[White "Singha, Swati"]
[Black "Clegg, Robert"]
[Result "1-0"]
[WhiteElo "1707"]
[BlackElo "1860"]
[PlyCount "0"]
[EventDate "2023.07.21"]
[EventRounds "5"]
[EventCountry "ENG"]

1. e4 e6 2. Nc3 d5 3. exd5 exd5 4. d4 c6 5. Nf3 Bd6 6. Bd3 Bg4 7. h3 Bh5 8. g4 Bg6
9. Bxg6 hxg6 10. Qe2+ Qe7 11. Be3 Nd7 12. O-O-O O-O-O 13. Qd2 Nb6 14. Bg5 f6 15.
Rde1 Qc7 16. Be3 Nc4 17. Qd3 Ne7 18. Nd2 Nxe3 19. fxe3 f5 20. Nb3 b6 21. Kb1 Kb7
22. Na4 Qc8 23. c4 Qe6 24. c5 Bg3 25. cxb6 Qc8 26. Nac5+ Kxb6 27. Reg1 Bd6 28. Qc3
a6 29. Qa5+ Ka7 30. gxf5 Qxf5+ 31. e4 Qc8 32. exd5 Bc7 33. Qa3 Rd6 34. Ne6 Nxd5 35.
Nxc7 Qxc7 36. Nc5 a5 37. Nb3 Ka6 38. Nxa5 Rf6 39. Nxc6+ Kb7 40. Qa7+ Kc8 41. Qa8+
 1-0

[Event "British Chess Championships 2023: Weekend Tournament Penrose"]
[Site "De Montfort University, 20 Western Boulevard, Leicester, LE2 7BU"]
[Date "2023.07.22"]
[Round "3"]
[Board "19"]
[White "Karia, Kamlesh"]
[Black "Lawrence, Spencer"]
[Result "1/2-1/2"]
[WhiteElo "1560"]
[BlackElo "1849"]
[PlyCount "59"]
[EventDate "2023.07.21"]
[EventRounds "5"]
[EventCountry "ENG"]

1. e4 c5 2. Nc3 Nc6 3. Bc4 e6 4. f4 a6 5. a4 Nge7 6. Nf3 d5 7. Ba2 d4 8. Ne2 d3 9.
Ng3 dxc2 10. Qxc2 Nb4 11. Qd1 Nd3+ 12. Kf1 Nc6 13. Ne2 Qb6 14. Bc4 Ncb4 15. Qb3 Qd8
16. Ra3 Nxc1 17. Nxc1 Be7 18. Nd3 Nxd3 19. Qxd3 O-O 20. Qxd8 Rxd8 21. Rd3 Rxd3 22.
Bxd3 b5 23. axb5 axb5 24. Bxb5 Ra1+ 25. Ne1 Rb1 26. Ke2 Rxb2 27. Bc4 Rb1 28. Rf1
Bd7 29. Nd3 Rxf1 30. Kxf1  1/2-1/2

[Event "British Chess Championships 2023: Weekend Tournament Penrose"]
[Site "De Montfort University, 20 Western Boulevard, Leicester, LE2 7BU"]
[Date "2023.07.22"]
[Round "3"]
[Board "20"]
[White "Pradhan, Abhishek"]
[Black "Salazar Eyre, Emma"]
[Result "1/2-1/2"]
[WhiteElo "1836"]
[BlackElo "1711"]
[PlyCount "45"]
[EventDate "2023.07.21"]
[EventRounds "5"]
[EventCountry "ENG"]

1. d4 Nf6 2. c4 e6 3. Nf3 d5 4. Nc3 c5 5. dxc5 Bxc5 6. cxd5 exd5 7. e3 Nc6 8. a3
a5 9. Nb5 O-O 10. Be2 Re8 11. O-O Bg4 12. h3 Bh5 13. Nfd4 Bxe2 14. Nxe2 Qb6 15. Ned4
Nxd4 16. Nxd4 Bxd4 17. Qxd4 Qxd4 18. exd4 Re2 19. f3 Rc8 20. Rf2 Re1+ 21. Rf1 Re2
22. Rf2 Re1+ 23. Rf1  1/2-1/2

[Event "British Chess Championships 2023: Weekend Tournament Penrose"]
[Site "De Montfort University, 20 Western Boulevard, Leicester, LE2 7BU"]
[Date "2023.07.22"]
[Round "3"]
[Board "21"]
[White "Roul, Tushar"]
[Black "Betts, Richard"]
[Result "1/2-1/2"]
[WhiteElo "1545"]
[BlackElo "1831"]
[PlyCount "93"]
[EventDate "2023.07.21"]
[EventRounds "5"]
[EventCountry "ENG"]

1. e4 e6 2. d4 d5 3. exd5 exd5 4. Bd3 Nc6 5. c3 Bd6 6. Nf3 Bg4 7. O-O Nge7 8. Be3
Qd7 9. Nbd2 O-O-O 10. b4 Rde8 11. a4 Nf5 12. Re1 f6 13. Nf1 Nh4 14. Be2 Nxf3+ 15.
Bxf3 h5 16. h3 Bxf3 17. Qxf3 g5 18. Ng3 Bxg3 19. fxg3 Re6 20. Bd2 g4 21. hxg4 hxg4
22. Qf4 Rhe8 23. Kf2 Rxe1 24. Rxe1 Rxe1 25. Kxe1 Qe6+ 26. Kf2 Nd8 27. b5 Nf7 28.
Qe3 Kd7 29. Qxe6+ Kxe6 30. Bf4 c6 31. bxc6 bxc6 32. a5 a6 33. Ke3 Kf5 34. Kd3 Nd8
35. c4 Ke6 36. c5 Kd7 37. Bd2 Ke6 38. Bf4 Kf5 39. Be3 Ne6 40. Bd2 Ng7 41. Bf4 Nh5
42. Bd6 Kg5 43. Ke3 Ng7 44. Bf4+ Kf5 45. Bd6 Ne6 46. Bf4 Kg6 47. Kd3  1/2-1/2

[Event "British Chess Championships 2023: Weekend Tournament Penrose"]
[Site "De Montfort University, 20 Western Boulevard, Leicester, LE2 7BU"]
[Date "2023.07.22"]
[Round "3"]
[Board "22"]
[White "Yi, Louis"]
[Black "Bowman, Richard L"]
[Result "0-1"]
[WhiteElo "1443"]
[BlackElo "1807"]
[PlyCount "68"]
[EventDate "2023.07.21"]
[EventRounds "5"]
[EventCountry "ENG"]

1. e4 c6 2. d4 d5 3. exd5 cxd5 4. Nf3 Nf6 5. Bd3 Nc6 6. c3 Bg4 7. h3 Bh5 8. O-O e6
9. Nbd2 Bd6 10. Re1 Bg6 11. Nf1 Bxd3 12. Qxd3 Ne4 13. N1d2 f5 14. Qe2 O-O 15. Nxe4
fxe4 16. Ng5 Qf6 17. h4 h6 18. Nh3 Qxh4 19. Rf1 Rae8 20. Be3 a6 21. f3 exf3 22. Rxf3
Rxf3 23. Qxf3 Rf8 24. Qe2 Qg3 25. Bf2 Qh2+ 26. Kf1 Qh1+ 27. Ng1 Bg3 28. Qxe6+ Kh7
29. Ke2 Rxf2+ 30. Kd3 Qxg2 31. Ne2 Qf3+ 32. Kd2 Bf4+ 33. Kd1 Qd3+ 34. Ke1 Be3  0-1

[Event "British Chess Championships 2023: Weekend Tournament Penrose"]
[Site "De Montfort University, 20 Western Boulevard, Leicester, LE2 7BU"]
[Date "2023.07.22"]
[Round "3"]
[Board "23"]
[White "Madeo, Joseph"]
[Black "Shivakumar, Akshath"]
[Result "0-1"]
[WhiteElo "1807"]
[BlackElo "1664"]
[PlyCount "88"]
[EventDate "2023.07.21"]
[EventRounds "5"]
[EventCountry "ENG"]

1. e4 c5 2. c3 e6 3. d4 d5 4. e5 Nc6 5. Nf3 Bd7 6. Bg5 Qb6 7. Qd2 cxd4 8. cxd4 h6
9. Be3 Nge7 10. Nc3 Nf5 11. a3 g5 12. h3 Na5 13. Rb1 Nb3 14. Qd3 Rc8 15. Nb5 Nxe3
16. Qxe3 Qa5+ 17. Nd2 Rc2 18. Nc3 Nxd2 19. Bd3 Nxb1 20. Bxc2 Nxc3 21. bxc3 Qxa3 22.
O-O Bg7 23. Rb1 b6 24. f4 gxf4 25. Qxf4 Qxc3 26. Rc1 Qb4 27. Ra1 a5 28. Rb1 Qc3 29.
Rc1 Qb4 30. Rb1 Qe7 31. Rxb6 Qg5 32. Qf2 f6 33. Rb8+ Ke7 34. Rb7 fxe5 35. Ba4 Rd8
36. dxe5 Qxe5 37. Qc5+ Qd6 38. Qxa5 Bd4+ 39. Kh1 Qf4 40. Qb4+ Kf6 41. Rxd7 Qf1+ 42.
Kh2 Bg1+ 43. Kg3 Rg8+ 44. Kh4 Qf2+  0-1

[Event "British Chess Championships 2023: Weekend Tournament Penrose"]
[Site "De Montfort University, 20 Western Boulevard, Leicester, LE2 7BU"]
[Date "2023.07.22"]
[Round "3"]
[Board "24"]
[White "Dos Santos Silva, Bruno Alexandre"]
[Black "Holmes, Stephen"]
[Result "1-0"]
[WhiteElo "1779"]
[BlackElo "1313"]
[PlyCount "41"]
[EventDate "2023.07.21"]
[EventRounds "5"]
[EventCountry "ENG"]

1. d4 b6 2. Nc3 Bb7 3. e4 e6 4. Bd3 Bb4 5. Nge2 Nf6 6. Bd2 Bxc3 7. Nxc3 d5 8. e5
Ne4 9. Bxe4 dxe4 10. Qg4 O-O 11. Bh6 g6 12. Bxf8 Kxf8 13. O-O-O h5 14. Qf4 Kg7 15.
h4 Qe7 16. g4 e3 17. f3 hxg4 18. Qxg4 Nd7 19. h5 Nf8 20. Ne4 f5 21. exf6+  1-0

[Event "British Chess Championships 2023: Weekend Tournament Penrose"]
[Site "De Montfort University, 20 Western Boulevard, Leicester, LE2 7BU"]
[Date "2023.07.22"]
[Round "3"]
[Board "25"]
[White "Pradhan, Ayan"]
[Black "Ashworth, Robert M"]
[Result "1/2-1/2"]
[WhiteElo "1692"]
[BlackElo "1880"]
[PlyCount "104"]
[EventDate "2023.07.21"]
[EventRounds "5"]
[EventCountry "ENG"]

1. e4 e5 2. Nf3 Nc6 3. Bb5 a6 4. Ba4 Nf6 5. d3 b5 6. Bb3 Be7 7. O-O d6 8. c3 Bg4
9. Nbd2 O-O 10. Re1 Na5 11. Bc2 c5 12. Nf1 Qd7 13. h3 Bxf3 14. Qxf3 Qe6 15. Bg5 Nd7
16. Bxe7 Qxe7 17. Ne3 Qe6 18. Nd5 Rac8 19. Qf5 Rfe8 20. Qf3 Nc6 21. Bb3 Qg6 22. Re3
Ne7 23. Nxe7+ Rxe7 24. Qe2 Nb6 25. Rg3 Qh6 26. Bc2 Rd8 27. Rf1 d5 28. Qg4 g6 29.
Rd1 dxe4 30. Qxe4 Nd5 31. Kf1 Rd6 32. Qg4 Nb6 33. Qg5 Qxg5 34. Rxg5 c4 35. Rg3 Red7
36. Ke2 Nd5 37. dxc4 Nf4+ 38. Ke1 Rxd1+ 39. Bxd1 Nd3+ 40. Rxd3 Rxd3 41. Be2 bxc4
42. Bxd3 cxd3 43. Kd2 e4 44. b4 Kf8 45. a4 Ke7 46. b5 axb5 47. axb5 Kd6 48. c4 Kc5
49. Kc3 f5 50. f4 h6 51. h4 Kb6 52. Kd2 h5  1/2-1/2

[Event "British Chess Championships 2023: Weekend Tournament Penrose"]
[Site "De Montfort University, 20 Western Boulevard, Leicester, LE2 7BU"]
[Date "2023.07.22"]
[Round "3"]
[Board "26"]
[White "Khan, Mohammed"]
[Black "Ball, Matthew P"]
[Result "1-0"]
[WhiteElo "1873"]
[BlackElo "1778"]
[PlyCount "111"]
[EventDate "2023.07.21"]
[EventRounds "5"]
[EventCountry "ENG"]

1. e4 d6 2. d4 Nf6 3. Bd3 e5 4. d5 Nbd7 5. c4 Nc5 6. Nc3 Nxd3+ 7. Qxd3 Be7 8. Nge2
O-O 9. O-O Ne8 10. f4 exf4 11. Rxf4 Nf6 12. h3 Nd7 13. Nd4 Ne5 14. Qe2 Bg5 15. Rf1
Bf6 16. Be3 Bd7 17. Rad1 Qe7 18. Nf5 Bxf5 19. Rxf5 Ng6 20. Bd4 Bxd4+ 21. Rxd4 Rae8
22. Rd1 a6 23. g3 Qd7 24. g4 Re5 25. Rf2 Re7 26. Qf1 Ne5 27. Kg2 Qd8 28. b3 Rd7 29.
Rfd2 Qg5 30. Ne2 Re8 31. Qf4 Qxf4 32. Nxf4 Rde7 33. Re2 Nd7 34. Rde1 Nc5 35. Kf3
Kf8 36. Re3 Nd7 37. Ne2 Ne5+ 38. Kg3 g6 39. Nc3 Nd7 40. Kf4 Re5 41. R1e2 Kg7 42.
b4 h6 43. Na4 Kf8 44. Rc2 Nf6 45. Rce2 Nd7 46. Nb2 R5e7 47. Nd3 Nb6 48. Nb2 Nd7 49.
h4 Kg7 50. Re1 Kf8 51. Nd3 Kg7 52. e5 Kf8 53. c5 dxe5+ 54. Nxe5 Nf6 55. Rd1 Nxg4
56. Nxg4  1-0